Sleeping beauty

Bibliographic Details
Main Author: Michael, Judith
Format: Book
Published: New York : Poseidon Press , 1991
Subjects:

MARC

LEADER 00000cam a2200000 7i4500
001 0000002042
002 000002229
005 20000330.0
020 |a 0671648934 
090 0 0 |a F   |b MIC 
100 1 |a Michael, Judith 
245 1 0 |a Sleeping beauty   |c Judith Michael 
260 |a New York :   |b Poseidon Press ,   |c 1991 
300 |a 539p. ;   |c 24cm. 
650 0 0 |a Romance fiction 
999 |a 035368   |b BUKU   |c PINJAMAN   |e PERPUSTAKAAN KOMUNITI PETALING JAYA 
999 |a 035369   |b BUKU   |c PINJAMAN   |e PERPUSTAKAAN KOMUNITI PETALING JAYA 
999 |a 035370   |b BUKU   |c PINJAMAN   |e PERPUSTAKAAN KOMUNITI PETALING JAYA